Estudio sobre los huracanes ocurridos en la isla de Cuba durante el mes de octubre de 1870 : (Record no. 53679)

MARC details
000 -LEADER
campo de control de longitud fija 00748nam a2200181 i 4500
001 - NÚMERO DE CONTROL
campo de control 53679
003 - IDENTIFICADOR DE NÚMERO DE CONTROL
campo de control ES-MaACL
005 - FECHA Y HORA DE LA ÚLTIMA TRANSACCIÓN
campo de control 20250904063048.0
007 - CAMPO FIJO DE DESCRIPCIÓN FÍSICA--INFORMACIÓN GENERAL
campo de control de longitud fija t|
008 - DATOS DE LONGITUD FIJA--INFORMACIÓN GENERAL
campo de control de longitud fija 960704s1871 sp ||||1| spa d
100 1# - ENTRADA PRINCIPAL--NOMBRE DE PERSONA
Nombre de persona Fernández de Castro, Manuel,
Fechas asociadas al nombre 1825-1895
9 (RLIN) 49645
245 10 - MENCIÓN DEL TÍTULO
Título Estudio sobre los huracanes ocurridos en la isla de Cuba durante el mes de octubre de 1870 :
Resto del título precedido de algunas consideraciones sobre la teoría, causas, época y frecuencia de estos meteoros /
Mención de responsabilidad, etc. por Manuel Fernández de Castro.
260 ## - PUBLICACIÓN, DISTRIBUCIÓN, ETC.
Lugar de publicación, distribución, etc. Madrid :
Nombre del editor, distribuidor, etc. [s.n.],
Fecha de publicación, distribución, etc. 1871 (
Fabricante Imprenta de J. M. Lapuente)
300 ## - DESCRIPCIÓN FÍSICA
Extensión 288 p., [4] h. pleg. de lám. ;
Dimensiones 24 cm.
650 #4 - PUNTO DE ACCESO ADICIONAL DE MATERIA--TÉRMINO DE MATERIA
Término de materia o nombre geográfico como elemento de entrada Ciclones-
Subdivisión geográfica Cuba.
9 (RLIN) 167160
852 ## - LOCALIZACIÓN
Ubicación ES-MaACL
Número de control de estantería B-7999
Holdings
Estatus retirado Estado de pérdida Estado de daño No para préstamo Colección Biblioteca de origen Biblioteca actual Ubicación en estantería Fecha de adquisición Fuente de adquisición Total de préstamos Signatura topográfica completa Código de barras Visto por última vez Precio de reemplazo Tipo de ítem Koha
        Libros del s. XIX Biblioteca del Ateneo de Madrid Biblioteca del Ateneo de Madrid Sala Pardo Bazán 17/01/2008     B-7999 1056405 23/02/2023 23/02/2023 Libro impreso antiguo